| 000 | 00634nam a2200241Ia 4500 | ||
|---|---|---|---|
| 003 | OSt | ||
| 005 | 20220923224904.0 | ||
| 006 | a|||||r|||| 00| 0 | ||
| 007 | ta | ||
| 008 | 220922b |||||||| |||| 00| 0 san d | ||
| 024 | _a253,177 | ||
| 037 | _cTextual | ||
| 040 |
_aARTS _cARTS _bsan |
||
| 041 |
_2san _asan |
||
| 082 | _aQ127:24, [Q1] | ||
| 100 | _aशंकर भाष्य | ||
| 245 | 0 | _aप्रश्नोपनिषद | |
| 246 | _aPrashnopaniṣhada | ||
| 260 | _c2011 | ||
| 650 | _aधर्म | ||
| 942 |
_hQ127:24, [Q1] _cTEXL _2CC |
||
| 999 |
_c374406 _d374406 |
||